000 00360nam a2200133Ia 4500
008 151021s9999 xx 000 0 und d
020 _a9.7814165991e+012
050 _aPS 3601 .B37B87 2009
245 _a_Bury me deep Megan Abbott
260 _aNew York Simon &Schuster 2009
300 _a240p.
650 _a_Novel
980 _a^d20130208 12:01:53^oanne
999 _c12851
_d12851